[Event "Benidorm op U2300 13th"]
[Site "Benidorm"]
[Date "2014.12.01"]
[Round "4"]
[White "Jove Grau, Lluis"]
[Black "Beltran Sanz, Felix"]
[Result "1-0"]
[WhiteElo "2077"]
[BlackElo "1721"]
[PlyCount "65"]
[EventDate "2014.11.28"]
[EventType "swiss"]
[EventRounds "10"]
[EventCountry "ESP"]
[SourceTitle "CBM 163 Extra"]
[Source "ChessBase"]
[SourceDate "2014.12.23"]
[SourceVersion "1"]
[SourceVersionDate "2014.12.23"]
[SourceQuality "1"]

1. b4 d5 2. Bb2 Bf5 3. Nf3 e6 4. e3 Nf6 5. a3 Nbd7 6. c4 c6 7. d4 Be7 8. Nbd2 0-0 9. Be2 h6 10. 0-0 Rc8 11. Qb3 Ne4 12. Nxe4 Bxe4 13. Rfd1 dxc4 14. Qxc4 Nb6 15. Qc1 Qd5 16. Ne5 Bxg2 17. f3 Bh3 18. a4 Qd8 19. e4 Nd7 20. a5 Bxb4 21. Ba3 Bxa3 22. Rxa3 Nxe5 23. dxe5 Qe7 24. f4 Qh4 25. Rg3 f5 26. Qe3 Bg4 27. Rd7 Rcd8 28. Rxb7 Rf7 29. Qxa7 Rdf8 30. exf5 Bxf5 31. Rxg7+ Kh8 32. Rgxf7 Qe1+ 33. Bf1 1-0